Responses for Show #6988 - Wednesday, January 21, 2015

Contestants

[<< previous game]

Will Anderson, a senior legislative aide originally from Atlanta, Georgia

Erin Rhode, a software engineer originally from Plymouth, Minnesota

Daniel Grigg, a beer wholesaler from Colorado Springs, Colorado (whose 1-day cash winnings total $12,000)

[next game >>]

Jeopardy! Round responses

WHAT'S MY LINE?
FRUITY MUSIC
DANGEROUS WEATHER
FRENCH DIP
THE INTERNET
SWIFT MYTH
    $200 15
roses

Daniel
    $200 7
Peaches

Erin
    $200 1
London

Daniel
    $200 3
towel

Erin
    $200 11
Skype

Erin
    $200 14
(Daniel: What is Cerebus?)
(Alex: No.)
(Daniel: What is [*]?)

Cerberus

DanielWill
    $400 16
Venice

Will
    $400 8
Blueberry Hill

Erin
    $400 2
Sandy

Will
    $400 17
(Daniel: What is a--a bat?)

a boat

Daniel
Triple Stumper
    $400 12
(Will: What is... information superhighway?)

cyberspace

Will
Triple Stumper
    $400 18
Lakshmi

Will
    $600 20
(Alex: [*], correct. Don Quixote.)

Cervantes

Will
    $600 9
the lime

Erin
    $600 4
he was struck by lightning

Daniel
    $600 27
[The end-of-round signal sounds.]

protection

Will
    $600 19
search engine

Daniel
    $600 21
corn

Will
    $800 24
Tiny Tim

Will
    $800 10
"Raspberry Beret"

Will
    $800 5
a typhoon

Daniel
    $800 22
Matt Drudge

Will
    $800 23
(Alex: [*] is right with less than a minute.)

Anubis

Will
    $1000 26
smile

Triple Stumper
    $1000 13
"Orange Crush"

Erin
    $1000 6
(Will: What is India?)
(Daniel: What is Cambodia?)

Myanmar (formerly Burma)

DanielWill
Triple Stumper
    $1000 25
a cache

Erin

Scores at the first commercial break (after clue 15):

Daniel Erin Will
$600 $2,600 $0

Scores at the end of the Jeopardy! Round:

Daniel Erin Will
$800 $3,600 $5,000

Double Jeopardy! Round responses

COTTON IS KING
THE BLUE & THE GRAY
"CIVIL"
WAR
GONE WITH THE WIND
1865 AMERICA
    $400 15
Eli Whitney

Will
    $400 6
Gray's Anatomy

Erin
    $400 5
the civil service

Will
    $400 17
mustard gas

Daniel
    $400 7
Atlanta

Daniel
    $400 1
Bill Hickok

Daniel
    $800 28
cheesecloth

Will
    $800 12
an ice age

Erin
    $800 30
civil unions

Daniel
    $800 18
a Sherman tank

Will
    $800 8
Hattie McDaniel

Erin
    $800 2
a percolator

Daniel
    $1200 27
Burberry

Erin
    $1200 13
penicillin

Erin
    $1200 29
civil disobedience

Daniel
    $1200 25
a bazooka

Triple Stumper
    $1200 9
"damn"

Erin
    $2,000 3
the Secret Service

Daniel
    $2,000 26
(Alex: There are only four more clues to deal with, and we have about a minute to go, and the lead is within your reach.)

gingham

Erin
    $1600 14
krill

Will
    $1600 23
civil engineer

Will
    $1600 24
the Nautilus

Erin
    $1600 10
Olivia de Havilland

Triple Stumper
    $1600 4
(John) Stetson

Will
    $2000 22
chino

Triple Stumper
    $2000 16
(Christian) Doppler

Will
    $2000 21
A Civil Tongue

Triple Stumper
    $2000 20
(Daniel: What is the Peacemaker?)

the Peacekeeper

Daniel
Triple Stumper
    $2000 11
Victor Fleming

Triple Stumper
    $2000 19
Hans Brinker

Will

Scores at the end of the Double Jeopardy! Round:

Daniel Erin Will
$4,800 $12,800 $16,200

[wagering suggestions for these scores]

Final Jeopardy! Round responses

FICTION
DanielWhat is Metamorphisis
$4,800
ErinWhat is The Fly?
$3,401
WillWhat is The Metamorphosis
$3,400
"The Metamorphosis"

Final scores:

Daniel Erin Will
$9,600 $9,399 $19,600
2nd place: $2,000 3rd place: $1,000 New champion: $19,600

Game dynamics:

Coryat scores:

Daniel Erin Will
$4,000 $12,400 $16,200
12 R
(including 1 DD),
4 W
15 R
(including 1 DD),
0 W
20 R,
2 W

Combined Coryat: $32,600

[game clues] [game scores] [suggest correction]

Game tape date: 2014-12-02
The J! Archive is created by fans, for fans. Scraping, republication, monetization, and malicious use prohibited; this site may use cookies and collect identifying information. See terms. The Jeopardy! game show and all elements thereof, including but not limited to copyright and trademark thereto, are the property of Jeopardy Productions, Inc. and are protected under law. This website is not affiliated with, sponsored by, or operated by Jeopardy Productions, Inc. Join the discussion at JBoard.tv.